Animal physiology (Record no. 395121)

MARC details
000 -LEADER
fixed length control field 00531 a2200217 4500
005 - DATE & TIME
control field 20260116163414.0
008 - FIXED-LENGTH DATA ELEMENTS--GENERAL INFORMATION
fixed length control field 260115b |||||||| |||| 00| 0 eng d
020 ## - ISBN
International Standard Book Number 9789351426561
Price Rs. 1098.00
040 ## - CATALOGING SOURCE
Original cataloging agency VIVEKANANDA LIBRARY
082 ## - DDC NUMBER
Classification number 591.1
Book Number A67A9(7)
100 ## - MAIN ENTRY--PERSONAL NAME
Personal name Arora, Mohan P
245 ## - TITLE STATEMENT
Title Animal physiology
250 ## - EDITION STATEMENT
Edition statement 7th
260 ## - PUBLICATION, DISTRIBUTION, ETC. (IMPRINT)
Name of publisher, distributor, etc Himalaya Publishing House
Date of publication, distribution, etc 2023
Place of publication, distribution, etc Mumbai
300 ## - PHYSICAL DESCRIPTION
Pages 823
650 ## - Subject
Subject Zoology
650 ## - Subject
Subject Animal
650 ## - Subject
Subject Physiology-Animal
700 ## - Added Entry Personal Name
Added Entry Personal Name Chander Kanta, ed.
942 ## - ADDED ENTRY ELEMENTS (KOHA)
Koha item type Books
Holdings
Withdrawn status Lost status Source of classification or shelving scheme Damaged status Not for loan Location (home branch) Sublocation or collection (holding branch) Shelving location Date acquired Koha issues (times borrowed) Koha full call number Accession No. Koha date last seen Koha item type
    Dewey Decimal Classification     VIVEKANANDA LIBRARY VIVEKANANDA LIBRARY Vivekananda Library 22/12/2025   591.1 A67A9(7) 443788 22/12/2025 Books
© Designed and Maintained by Vivekananda Library, MDU Rohtak